<?xml version="1.0" encoding="UTF-8"?>
<collection xmlns="http://www.loc.gov/MARC21/slim">
  <record>
    <leader>00000nam  2200000   4500</leader>
    <controlfield tag="001">INLIS000000000018499</controlfield>
    <controlfield tag="005">20241119025100</controlfield>
    <datafield tag="035" ind1="#" ind2="#">
      <subfield code="a">0010-1124000165</subfield>
    </datafield>
    <controlfield tag="007">ta</controlfield>
    <controlfield tag="008">241119################g##########0#ind##</controlfield>
    <datafield tag="020" ind1="#" ind2="#">
      <subfield code="a">979-518-869-0</subfield>
    </datafield>
    <datafield tag="082" ind1="#" ind2="#">
      <subfield code="a">614</subfield>
    </datafield>
    <datafield tag="084" ind1="#" ind2="#">
      <subfield code="a">614 NOT p</subfield>
    </datafield>
    <datafield tag="100" ind1=" " ind2="#">
      <subfield code="a">Notoatmodjo, Soekidjo</subfield>
    </datafield>
    <datafield tag="245" ind1="1" ind2="#">
      <subfield code="a">Pendidikan dan Perilaku Kesehatan /</subfield>
      <subfield code="c">Soekidjo Notoatmodjo</subfield>
    </datafield>
    <datafield tag="260" ind1="#" ind2="#">
      <subfield code="a">Jakarta :</subfield>
      <subfield code="b">Rineka Cipta,</subfield>
      <subfield code="c">2003</subfield>
    </datafield>
    <datafield tag="300" ind1="#" ind2="#">
      <subfield code="a">x, 210 hlm. ;</subfield>
      <subfield code="c">20 cm</subfield>
    </datafield>
    <datafield tag="650" ind1="#" ind2="4">
      <subfield code="a">Pendidikan Kesehatan</subfield>
    </datafield>
    <datafield tag="650" ind1="#" ind2="4">
      <subfield code="a">Perilaku Kesehatan</subfield>
    </datafield>
    <datafield tag="520" ind1="#" ind2="#">
      <subfield code="a">Untuk meningkatkan kesehatan seseorang/masyarakat ada beberapa faktor yang harus diperhatikan, yaitu lingkungan baik fisik, mental, sosial, budaya, politik, maupun ekonomi, perilaku masyarakat, pelayanan kesehatan, dan faktor hereditas (keturunan). Keempat faktor tersebut saling berkaitan satu sama lain dan mempengaruhi kondisi kesehatan seseorang/ masyarakat.</subfield>
    </datafield>
    <datafield tag="990" ind1="#" ind2="#">
      <subfield code="a">04118859</subfield>
    </datafield>
    <datafield tag="990" ind1="#" ind2="#">
      <subfield code="a">04118860</subfield>
    </datafield>
  </record>
</collection>
